Statistics for Things beginning with D

Click here to take the quiz!

General Stats

  • This quiz has been taken 63 times
  • The average score is 13 of 15

Answer Stats

Answer% Correct
donkey
98%
daisy
96%
deer
96%
Disney
95%
dress
95%
desert
93%
dimple
93%
dollar
91%
Danish flag
89%
dingo
84%
disco
84%
Donald Trump
84%
doughnut
82%
didgeridoo
57%
dikdik
14%

Score Distribution

Percentile by Number Answered

Percent of People with Each Score

Your Score History

You have not taken this quiz